Quizzes
Events
Quiz Creation
Community
Videos
Private Events
Remove Ads
Sign In
Join for FREE
Feedback
Dark Mode
Quiz Categories
Sports
Geography
Music
Movies
Television
Just For Fun
Miscellaneous
History
Literature
Language
Science
Gaming
Entertainment
Religion
Holiday
For Kids
Quiz Lab
Recent
Popular Today
Quiz Kudos Today
Editor Picks
Curator Picks
Quizzes by...
Day
Popularity
Type
Ratings
Length
Year
Community
Subscriptions
Recent Discussions
Orange Saloon
Badges
Playlists
Quests
Create
Leaderboards
Showdown
Live 5
Trivia Bingo
Activity
Puzzle Library
Sporcle Events
Private Events
Virtual Trivia
Globe League
Become a Host
Pub Owners
SporcleCon
Opinionation
Our Games
Videos
Blog
Mobile Apps
Partnerships
Remove Ads and Go Orange
Feedback
Religion
Mythology
Religious Music
World Religions
Bible
Christianity
Catholicism
Judaism
Church
Scripture
Islam
Verse
Religion
Mythology
Religious Music
World Religions
Bible
Christianity
Catholicism
Judaism
Church
Scripture
Islam
Verse
Random Quiz
Search Sporcle
×
Quiz Lab
Quiz Lab
Religion
Christianity
Type in answers that appear in a list
Type in answers that appear in a list
Classic
Best Score? Go Orange.
Christian College Consortium Stats
Can you name the Colleges and Universities that belong to the Christian College Consortium ?
By
brianew
5m
13 Questions
76 Plays
76 Plays
76 Plays
Comments
Comments
Give Quiz Kudos
Give Quiz Kudos
-
- Ratings
hide this ad
Replay
Link that replays current quiz
Next Quiz
Link to next quiz in quiz playlist
You Got
0%
They Got
Avg Score
50%
Avg Friend Score
Upgrade to see
Score Distribution
Jump to the score distribution portion of the page
Score
0/13
Timer
05:00
0
Plays Today
State
% Correct
Illinois
Wheaton College
76.3%
Washington
Seattle Pacific University
57.9%
Massachusetts
Gordon College
56.6%
Pennsylvania
Messiah College
55.3%
Indiana
Taylor University
55.3%
California
Westmont College
55.3%
Kentucky
Asbury University
53.9%
Oregon
George Fox University
51.3%
Illinois
Trinity International University
51.3%
Minnesota
Bethel University
39.5%
New York
Houghton College
38.2%
Illinois
Greenville College
31.6%
Ohio
Malone College
31.6%
Quiz Playlist
Details
Report
Send in Message
Add To Playlist
Classic:
Type in answers that appear in a list
Last Updated: Feb 16, 2017
Quiz Scoreboard
CHALLENGE
Sign Up to Join the Scoreboard
Show All
Scores
Hide
Comments
May contain spoilers
Recently Published
One Thing in Common: World Cities II
by knightlancer
Geography
7m
Popular People in 1961
by mucciniale
History
6m
1-10 Letter E Words III
by El_Dandy
Language
2m
More to Explore
Quiz From the Vault
Featured Blog Post
Where Did the Easter Bunny Come From?
hide this ad
You Might Also Like...
Tags
Christianity Quiz
College Quiz
State Quiz
University Quiz
Christian
consortium
Today's Top Quizzes in Religion
Browse Religion
hide this ad
Today's Top Quizzes in Christianity
Browse Christianity
Top Contributed Quizzes in Religion
1
10 to 1: Islam
2
10 to 1: Protestantism
3
10 to 1: Norse Religion
4
10 to 1: Judaism
5
Names of Surahs in the Quran
6
10 to 1: Hinduism
7
One Thing in Common: Mythology
8
One Thing in Common: Mythology II
9
Order Up: Seven Last Words of Christ
10
Language by 'Haggadah' Cover
Explore More
Trending Topics
NBA
Marvel
Crossword
Anime
Kpop
Disney
Harry Potter
Song
WWE
Soccer
Pokémon
The Office
Puzzle
Country
NFL
hide this ad
More By:
brianew
Quiz
Plays
Rating
Category
Featured
Created
An agreeable best MLB players quiz!
577
2.17
Sports
Apr 19, 2011
Top Ten Catchers MLB
206
2.33
Sports
May 17, 2011
Professional Sports in Philadelphia
133
2.67
Sports
Jan 2, 2011
3,000 Hit Club by First Name
122
5.00
Sports
Jan 2, 2011
Christian College Consortium
76
5.00
Religion
Jan 4, 2011
Go to Creator's Profile
Score Distribution
Quiz Creator Spotlight
brianew
Follow
Send a Message
Quizzes Created
-
Created Quiz Play Count
-
More By This Creator
Popular Quizzes Today
1
Find the US States - No Outlines Minefield
2
Find the Countries of Europe - No Outlines Minefield
3
The Countries of the World
4
Popular People in 1961
5
1-10 Letter E Words III
6
Find the US States
7
One Thing in Common: World Cities II
8
US States
More Religion Quizzes
► Through the Kaleidoscope: Religion Symbols
Editor's Pick
Trending Quizzes
Risky Map Clicking: Least Populous States A-Z
1-10 Letter F Words
1-10 Letter G Words
One Thing in Common: United Kingdom
Risky Map Clicking: Biggest States A-Z
Recently Updated
Leaping Animals
pecheneg
Reality TV Shows (A-Z)
bhenderson79
Rickey Henderson's Hall of Fame Teammates
pecheneg
Champions League XIs: Arsenal
pecheneg
Quick Pick: Celebrities in WWE's Hall of Fame
aduchscher
A-Z Keypad Blitz II
pecheneg
Multiple Oscar Actors
pecheneg
Mystery Phrase Blitz: Oscar 'Best Actors'
pecheneg
F. Scott Fitzgerald Novels
LTH
Pick 3 Villains
ddd62291
Trending Topics
Disney
Kpop
NBA
Harry Potter
Marvel
Anime
Crossword
Pokémon
Soccer
NFL
Song
Puzzle
The Office
WWE
Country
Your Account Isn't Verified!
In order to create a playlist on Sporcle, you need to verify the email address you used during registration. Go to your
Sporcle Settings
to finish the process.
Report this User
Report this user for behavior that violates our
Community Guidelines
.
Details:
Send Report
Go to the Sporcle.com Mobile Site →
Comments